Normal view
MARC view
- الأدب العربي - روايات - الأردن - فلسطين - القرن العشرين
Entry Topical Term
001 - CONTROL NUMBER
- control field: 48843
003 - CONTROL NUMBER IDENTIFIER
- control field: JO-AjAnu
005 - DATE AND TIME OF LATEST TRANSACTION
- control field: 20230606082043.0
008 - FIXED-LENGTH DATA ELEMENTS
- fixed length control field: 230606|| aca||aabn | a|a d
040 ## - CATALOGING SOURCE
- Original cataloging agency: JO-AjAnu
- Transcribing agency: JO-AjAnu
150 ## - HEADING--TOPICAL TERM
- Topical term or geographic name entry element: الأدب العربي - روايات - الأردن - فلسطين - القرن العشرين
670 ## - SOURCE DATA FOUND
- Source citation: Work cat.: (JO-AjAnu)24984: الماضي، شكري عزيز, author 48842, الرواية العربية في فلسطين والأردن في القرن العشرين "مع ببلوغرافيا"